Score 0/27 Timer 03:00
0 Plays Today
Hint Answer % Correct
What you do upon a starWISH
96.8%
Chardonnay and Shiraz, e.g.🍷 WINE 🍲
96.8%
They're much better than lossesWINS
96.4%
This or _____THAT
96.4%
Vegetarian no-no🍷 MEAT 🍲
96.2%
What snow does in the springMELT
95.9%
____ of the free....LAND
95.7%
It connect two pointsLINE
95.6%
To bathe or rinseWASH
95.6%
James songLAID
95.5%
Greater ____ : >THAN
95.2%
Two of similar things (shoes, Aces, etc)🍷 PAIR 🍲
95.1%
Gave money for an item purchasedPAID
94.8%
'Wolf' or 'Titans' precederTEEN
94.8%
Hint Answer % Correct
Not now but ...🍷 THEN 🍲
94%
Penny, Lois, or Drury, e.g.LANE
92.9%
Potato prep methodMASH
92.9%
Part of a ship that carries sailsMAST
92.3%
Nipple to suckle young animalsTEAT
91.9%
A type of vinegarMALT
90.5%
Preposition: accompanied by🍷 WITH 🍲
87.6%
Keenness/quickness of perception, clevernessWITS
85.9%
Southern cook PaulaDEEN
85.4%
Active ingredient in insect repellentDEET
78.1%
Gotham D.A. turned villain?DENT
64.3%
Refined way to consume food🍷 DINE 🍲
62.7%
Force or powerDINT
47.9%

Today's Daily Dose

Missing Word
I Hardly Know Her!

Word Ladder
Sentence Ending

Quick Pick
Female Firsts

Get the Picture
Triathlon Sports

Remove Ads.
Support Sporcle.
Get the best of Sporcle when you Go Orange. This ad-free experience offers more features, more stats, and more fun while also helping to support Sporcle. Thank you for becoming a member.

You're not logged in!

Compare scores with friends on all Sporcle quizzes.
OR
Log In

Show Comments

Extras

Top Quizzes Today


Score Distribution

Your Account Isn't Verified!

In order to create a playlist on Sporcle, you need to verify the email address you used during registration. Go to your Sporcle Settings to finish the process.

Report this User

Report this user for behavior that violates our Community Guidelines.

Details: